000 01333cam a22003131 4500
001 gs 60000207
003 DLC
005 20260227111409.0
008 781129s1960 msuab s000 0 eng
010 _ags 60000207
035 _a(OCoLC)4404084
040 _aDLC
_cMsSM
_dOCoLC
_dDLC
042 _apremarc
050 0 0 _aQE129
_b.A2 no. 87
100 1 _aParks, William Scott.
245 1 0 _aPrentiss County geology
_c[by] William Scott Parks. Ground-water resources [by] B. E. Ellison and E. H. Boswell.
260 _aUniversity,
_c1960.
300 _a110, 44 p.
_billus., maps (part fold.) diagrs., profile, tables.
_c23 cm.
410 2 0 _aMississippi Geological, Economic, and Topographical Survey
_tBulletin,
_vno. 87
500 _aPrepared by the United States Geological Survey in cooperation with the Mississippi Board of Water Commissioners and the Mississippi Geological Survey.
504 _aBibliography: p. 105-110.
650 0 _aGeology
_zMississippi
_zPrentiss County.
650 0 _aGroundwater
_zMississippi
_zPrentiss County.
650 0 _aWater-supply
_zMississippi
_zPrentiss County.
650 0 _aBorings
_zMississippi
_zPrentiss County.
700 1 _aEllison, B. E.
_tGround-water resources of Prentiss County.
710 2 _aGeological Survey (U.S.)
740 0 _aGround-water resources of Prentiss County.
999 _c29450
_d29450